[Event "Rilton Cup 40th"]
[Site "Stockholm"]
[Date "2011.01.05"]
[Round "9"]
[White "Furhoff, Johan"]
[Black "Kopasov, Alexander"]
[Result "1-0"]
[WhiteElo "2365"]
[BlackElo "2198"]
[PlyCount "87"]
[EventDate "2010.12.27"]
[EventType "swiss"]
[EventRounds "9"]
[EventCountry "SWE"]
[SourceTitle "CBM 140 Extra"]
[Source "ChessBase"]
[SourceDate "2011.03.01"]
[SourceVersion "1"]
[SourceVersionDate "2011.03.01"]
[SourceQuality "1"]

1. e4 c5 2. Nc3 Nc6 3. f4 g6 4. Nf3 Bg7 5. Be2 d6 6. 0-0 e6 7. d3 Nge7 8. Qe1 Nd4 9. Bd1 0-0 10. g4 f5 11. gxf5 exf5 12. Qh4 Nec6 13. Qxd8 Rxd8 14. Nd5 Rb8 15. c3 Nxf3+ 16. Bxf3 b5 17. a3 a5 18. Bd2 b4 19. axb4 axb4 20. Be1 fxe4 21. dxe4 Bh3 22. Ra6 Bxf1 23. Kxf1 bxc3 24. bxc3 Ne5 25. fxe5 Rf8 26. Nf6+ Bxf6 27. exf6 Rxf6 28. Kg2 Rb2+ 29. Kg3 Kg7 30. Ra3 Rc2 31. h3 g5 32. c4 Kg6 33. e5 Rxf3+ 34. Kxf3 dxe5 35. Rc3 Rxc3+ 36. Bxc3 Kf5 37. Be1 h5 38. Bg3 e4+ 39. Ke3 h4 40. Bd6 Ke6 41. Bxc5 g4 42. hxg4 h3 43. Kf2 e3+ 44. Bxe3 1-0

[Event "Chigorin Memorial 18th"]
[Site "St Petersburg"]
[Date "2010.11.01"]
[Round "5"]
[White "Ivanov, Miroslav"]
[Black "Kopasov, Alexander"]
[Result "0-1"]
[WhiteElo "2027"]
[BlackElo "2198"]
[PlyCount "40"]
[EventDate "2010.10.28"]
[EventType "swiss"]
[EventRounds "9"]
[EventCountry "RUS"]
[SourceTitle "EXT 2011"]
[Source "ChessBase"]
[SourceDate "2010.11.26"]
[SourceVersion "1"]
[SourceVersionDate "2010.11.26"]
[SourceQuality "1"]

1. Nf3 c5 2. c4 g6 3. Nc3 Bg7 4. d3 Nc6 5. g3 e6 6. Bg2 Nge7 7. Bf4 d6 8. Nb5 e5 9. Bg5 0-0 10. Qd2 Rb8 11. Nc3 a6 12. 0-0 f6 13. Bh6 Be6 14. Bxg7 Kxg7 15. Ne1 Qa5 16. f4 b5 17. b3 Nd4 18. Nf3 Qxc3 19. Qxc3 Nxe2+ 20. Kf2 Nxc3 0-1

[Event "Chigorin Memorial 18th"]
[Site "St Petersburg"]
[Date "2010.10.31"]
[Round "4"]
[White "Kopasov, Alexander"]
[Black "Belotserkovsky, Dmitry"]
[Result "1/2-1/2"]
[WhiteElo "2198"]
[BlackElo "2012"]
[PlyCount "59"]
[EventDate "2010.10.28"]
[EventType "swiss"]
[EventRounds "9"]
[EventCountry "RUS"]
[SourceTitle "EXT 2011"]
[Source "ChessBase"]
[SourceDate "2010.11.26"]
[SourceVersion "1"]
[SourceVersionDate "2010.11.26"]
[SourceQuality "1"]

1. d4 Nf6 2. c4 e6 3. Nf3 d5 4. Nc3 Be7 5. Bg5 0-0 6. cxd5 exd5 7. e3 c6 8. Bd3 Bg4 9. Qc2 h6 10. Bxf6 Bxf6 11. Nd2 c5 12. dxc5 d4 13. exd4 Nc6 14. 0-0 Bxd4 15. Nb3 Qg5 16. Ne4 Qe5 17. Nxd4 Nxd4 18. Qc3 Qxe4 19. Bxe4 Ne2+ 20. Kh1 Nxc3 21. bxc3 Rac8 22. Bxb7 Rxc5 23. Rac1 Rb8 24. Be4 Rbc8 25. h3 Be6 26. Rfd1 f5 27. Rd6 Bxa2 28. Ra1 fxe4 29. Rxa2 R8c7 30. Rda6 1/2-1/2

[Event "Pardubice Czech op-A 21st"]
[Site "Pardubice"]
[Date "2010.07.30"]
[Round "8"]
[White "Lerch, Patrice"]
[Black "Kopasov, Alexander"]
[Result "1-0"]
[WhiteElo "2340"]
[BlackElo "2213"]
[PlyCount "89"]
[EventDate "2010.07.23"]
[EventType "swiss"]
[EventRounds "9"]
[EventCountry "CZE"]
[SourceTitle "CBM 137 Extra"]
[Source "ChessBase"]
[SourceDate "2010.09.01"]
[SourceVersion "1"]
[SourceVersionDate "2010.09.01"]
[SourceQuality "1"]

1. e4 c5 2. Nc3 Nc6 3. g3 g6 4. Bg2 Bg7 5. d3 d6 6. Be3 e6 7. Qd2 Rb8 8. Nge2 b5 9. 0-0 Nge7 10. Bh6 0-0 11. Bxg7 Kxg7 12. Nd1 e5 13. Ne3 b4 14. f4 f6 15. Rf2 Be6 16. Raf1 Qd7 17. h4 Nd4 18. h5 gxh5 19. c3 bxc3 20. bxc3 Ndc6 21. Nd5 Bxd5 22. exd5 Nd8 23. fxe5 dxe5 24. Rxf6 Rxf6 25. Qg5+ Ng6 26. Qxf6+ Kh6 27. Rf5 Rb6 28. Qg5+ Kg7 29. Be4 Nf7 30. Qxh5 Rb2 31. Rf2 Rxa2 32. Rh2 Nf8 33. c4 Ra1+ 34. Kf2 Ra6 35. Rh4 Qe7 36. Rg4+ Ng6 37. Nc3 Qf6+ 38. Ke3 Ra1 39. Qf5 Qxf5 40. Bxf5 Nh6 41. Rg5 Nf7 42. Rh5 Nf8 43. Ne4 Ra5 44. Rh2 h6 45. Rb2 1-0

[Event "Albena op"]
[Site "Albena"]
[Date "2010.06.08"]
[Round "6"]
[White "Guempel, Viktor"]
[Black "Kopasov, Alexander"]
[Result "0-1"]
[WhiteElo "2310"]
[BlackElo "2205"]
[PlyCount "78"]
[EventDate "2010.06.03"]
[EventType "swiss"]
[EventRounds "9"]
[EventCountry "BUL"]
[SourceTitle "CBM 136 Extra"]
[Source "ChessBase"]
[SourceDate "2010.07.02"]
[SourceVersion "2"]
[SourceVersionDate "2010.07.15"]
[SourceQuality "1"]

1. e4 c5 2. Nf3 e6 3. d4 cxd4 4. Nxd4 Nc6 5. Be3 Nf6 6. Bd3 Qc7 7. Nc3 Nxd4 8. Bxd4 Bc5 9. Bxc5 Qxc5 10. Qe2 e5 11. 0-0-0 0-0 12. f3 d6 13. g4 Be6 14. h4 Qa5 15. h5 Bxa2 16. g5 Ne8 17. g6 Be6 18. h6 fxg6 19. Bc4 Bxc4 20. Qxc4+ Kh8 21. Kb1 Rd8 22. Nd5 Rd7 23. f4 exf4 24. Qd4 Qc5 25. hxg7+ Rxg7 26. Qd2 g5 27. Rh6 f3 28. Qd3 Qc6 29. e5 f2 30. Rdh1 f1Q+ 31. Rxf1 Rxf1+ 32. Qxf1 Qxd5 33. e6 g4 34. Qf8+ Rg8 35. Qe7 Qe4 36. Rf6 Qe1+ 37. Ka2 Qa5+ 38. Kb3 Qg5 39. Rf7 Qxe7 0-1

[Event "Albena op"]
[Site "Albena"]
[Date "2010.06.07"]
[Round "5"]
[White "Kopasov, Alexander"]
[Black "Karadaliev, Daniel"]
[Result "1-0"]
[WhiteElo "2205"]
[BlackElo "1884"]
[PlyCount "87"]
[EventDate "2010.06.03"]
[EventType "swiss"]
[EventRounds "9"]
[EventCountry "BUL"]
[SourceTitle "CBM 136 Extra"]
[Source "ChessBase"]
[SourceDate "2010.07.02"]
[SourceVersion "2"]
[SourceVersionDate "2010.07.15"]
[SourceQuality "1"]

1. d4 Nf6 2. c4 d6 3. Nf3 g6 4. Nc3 Bg7 5. e4 Nc6 6. Be2 0-0 7. 0-0 e5 8. d5 Ne7 9. b4 a5 10. Ba3 axb4 11. Bxb4 b6 12. a4 Nd7 13. a5 Nc5 14. Ne1 f5 15. Bxc5 bxc5 16. Nf3 h6 17. Ra3 c6 18. dxc6 Rxa5 19. c7 Qxc7 20. Nb5 Rxb5 21. cxb5 fxe4 22. Qb3+ d5 23. b6 Qb8 24. Nd2 Kh8 25. b7 Qxb7 26. Qxb7 Bxb7 27. Ra7 Ra8 28. Rfa1 Rc8 29. Rxb7 Nf5 30. Rab1 e3 31. fxe3 Nxe3 32. Rb8 Rf8 33. Rxf8+ Bxf8 34. Kf2 Nf5 35. g4 Nd4 36. Rb8 Kg7 37. Nf3 e4 38. Nxd4 cxd4 39. Rd8 d3 40. Bf1 d4 41. Ke1 Bb4+ 42. Kd1 Bc3 43. Re8 e3 44. Bxd3 1-0

[Event "Rilton Cup 39th"]
[Site "Stockholm"]
[Date "2009.12.29"]
[Round "3"]
[White "Grandelius, Nils"]
[Black "Kopasov, Alexander"]
[Result "1-0"]
[WhiteElo "2540"]
[BlackElo "2221"]
[PlyCount "89"]
[EventDate "2009.12.27"]
[EventType "swiss"]
[EventRounds "9"]
[EventCountry "SWE"]
[SourceTitle "CBM 134 Extra"]
[Source "ChessBase"]
[SourceDate "2010.03.03"]
[SourceVersion "1"]
[SourceVersionDate "2010.03.03"]
[SourceQuality "1"]

1. d4 Nf6 2. c4 e6 3. Nc3 Bb4 4. e3 c5 5. Nge2 d5 6. a3 Bxc3+ 7. Nxc3 cxd4 8. exd4 Nc6 9. Be3 0-0 10. c5 Re8 11. Be2 e5 12. 0-0 exd4 13. Bxd4 Ne4 14. Bf3 a6 15. Rc1 Bf5 16. h3 Qe7 17. Nxd5 Qh4 18. Nc7 Red8 19. Nxa8 Nxd4 20. Rc4 Ng5 21. Bg4 Nc6 22. Qc1 Ne5 23. Bxf5 Nxc4 24. Nb6 Nd2 25. Rd1 Qd4 26. Nd7 Rxd7 27. Bxd7 Nge4 28. Rxd2 Nxd2 29. Bc8 Ne4 30. Qe3 Qd5 31. Bg4 f5 32. Bf3 Qxc5 33. Qxc5 Nxc5 34. Bd5+ Kf8 35. b4 Nd7 36. Bxb7 Nb8 37. f4 Ke7 38. Kf2 Kd6 39. Ke3 Kc7 40. Bd5 Nd7 41. Be6 Nb6 42. Bxf5 Nc4+ 43. Kd4 Nxa3 44. Bd3 Kb6 45. Kc3 1-0

[Event "Chigorin Memorial 17th"]
[Site "St Petersburg"]
[Date "2009.10.23"]
[Round "8"]
[White "Kopasov, Alexander"]
[Black "Fedotov, Konstantin"]
[Result "1/2-1/2"]
[WhiteElo "2227"]
[BlackElo "1891"]
[PlyCount "136"]
[EventDate "2009.10.16"]
[EventType "swiss"]
[EventRounds "9"]
[EventCountry "RUS"]
[SourceTitle "CBM 132 Extra"]
[Source "ChessBase"]
[SourceDate "2009.11.03"]
[SourceVersion "1"]
[SourceVersionDate "2009.11.03"]
[SourceQuality "1"]

1. d4 d5 2. c4 c6 3. Nc3 Nf6 4. e3 e6 5. Nf3 Bd6 6. Bd3 Nbd7 7. e4 dxe4 8. Nxe4 Nxe4 9. Bxe4 Qc7 10. 0-0 Bf4 11. Qd3 Bxc1 12. Raxc1 f5 13. Bxf5 exf5 14. Rfe1+ Kf8 15. Qxf5+ Nf6 16. Qc5+ Kg8 17. Re7 Qf4 18. Rce1 Bd7 19. Ne5 Ne4 20. Nd3 Qd2 21. R1xe4 Qxd3 22. Qe5 Qb1+ 23. Re1 Qg6 24. Rxd7 h6 25. h4 Kh7 26. h5 Qg4 27. Qe4+ Qxe4 28. Rxe4 Rhe8 29. f3 b6 30. Rg4 Rg8 31. Rc7 Raf8 32. Rxa7 Rf5 33. Rc7 c5 34. d5 Rxh5 35. Rb7 Re5 36. Rxb6 Re1+ 37. Kf2 Rd1 38. Re4 Ra8 39. a3 Rd2+ 40. Re2 Rd4 41. Rc2 Kg8 42. Rc6 Ra5 43. b4 Rxa3 44. Rxc5 h5 45. b5 Rb3 46. Rc6 h4 47. b6 g5 48. d6 Kf7 49. Rc7+ Kf6 50. d7 Rxb6 51. c5 Re6 52. Re2 Ra6 53. c6 g4 54. fxg4 Ra3 55. Rc8 Rad3 56. Rf8+ Kg7 57. c7 Kxf8 58. d8Q+ Rxd8 59. cxd8Q+ Rxd8 60. g5 Rd5 61. Re4 Rxg5 62. Rxh4 Kg7 63. Rd4 Ra5 64. Kf3 Kg6 65. Kf4 Ra6 66. g4 Rb6 67. g5 Ra6 68. Kg4 Rb6 1/2-1/2

[Event "Chigorin Memorial 17th"]
[Site "St Petersburg"]
[Date "2009.10.20"]
[Round "5"]
[White "Aleshin, Oleg"]
[Black "Kopasov, Alexander"]
[Result "1-0"]
[WhiteElo "2377"]
[BlackElo "2227"]
[PlyCount "81"]
[EventDate "2009.10.16"]
[EventType "swiss"]
[EventRounds "9"]
[EventCountry "RUS"]
[SourceTitle "CBM 132 Extra"]
[Source "ChessBase"]
[SourceDate "2009.11.03"]
[SourceVersion "1"]
[SourceVersionDate "2009.11.03"]
[SourceQuality "1"]

1. d4 Nf6 2. c4 e6 3. Nc3 Bb4 4. e3 c5 5. Bd3 Bxc3+ 6. bxc3 d6 7. Ne2 0-0 8. 0-0 Nc6 9. e4 e5 10. d5 Ne7 11. Ng3 Ng6 12. Re1 Re8 13. Bf1 b6 14. f3 h6 15. Be3 Bd7 16. Qd2 Kh7 17. Bd3 Ng8 18. Rf1 N8e7 19. Nf5 Nxf5 20. exf5 Nf8 21. f6+ g6 22. Bxh6 Qxf6 23. Rae1 Bf5 24. Be4 Nd7 25. g4 Bxe4 26. fxe4 Qe7 27. g5 Rh8 28. Rf3 Kg8 29. Ref1 Rh7 30. h4 a6 31. Qh2 Re8 32. h5 Rd8 33. hxg6 fxg6 34. Qh3 Rxh6 35. gxh6 Nf8 36. Qg4 g5 37. Rf6 Nh7 38. Rg6+ Kh8 39. Rg7 Qe8 40. Rff7 Nf8 41. Qxg5 1-0

[Event "Chigorin Memorial 17th"]
[Site "St Petersburg"]
[Date "2009.10.17"]
[Round "2"]
[White "Emdin, Mark"]
[Black "Kopasov, Alexander"]
[Result "0-1"]
[WhiteElo "1946"]
[BlackElo "2227"]
[PlyCount "96"]
[EventDate "2009.10.16"]
[EventType "swiss"]
[EventRounds "9"]
[EventCountry "RUS"]
[SourceTitle "CBM 132 Extra"]
[Source "ChessBase"]
[SourceDate "2009.11.03"]
[SourceVersion "1"]
[SourceVersionDate "2009.11.03"]
[SourceQuality "1"]

1. e4 c5 2. Nc3 Nc6 3. g3 g6 4. Bg2 Bg7 5. d3 e6 6. f4 Nge7 7. Be3 d6 8. Nf3 0-0 9. 0-0 b6 10. d4 Ba6 11. Re1 Rc8 12. Ne2 Qc7 13. c3 cxd4 14. Nexd4 Nxd4 15. Bxd4 e5 16. Be3 Rcd8 17. Qc2 f5 18. Ng5 Qc8 19. exf5 gxf5 20. Rad1 e4 21. Bd4 h6 22. Nh3 Nc6 23. Bxg7 Kxg7 24. Nf2 d5 25. Re3 Rf7 26. b3 Rc7 27. Qb2 Kf7 28. g4 Ne7 29. c4 dxc4 30. Rxd8 Qxd8 31. bxc4 Rxc4 32. Bf1 Nd5 33. Bxc4 Bxc4 34. Qd4 Qc7 35. gxf5 Nxe3 36. Qxe3 Bxa2 37. Qxe4 Qe7 38. Qxe7+ Kxe7 39. Ng4 b5 40. f6+ Ke6 41. Nxh6 Kxf6 42. Ng4+ Kf5 43. Ne5 Bd5 44. Nd3 Bc4 45. Nb2 a5 46. Kf2 a4 47. Nd1 Kxf4 48. Ne3 Bb3 0-1

[Event "Peterhof op 08"]
[Site "Peterhof"]
[Date "2009.08.11"]
[Round "9"]
[White "Zhukov, Klim"]
[Black "Kopasov, Alexander"]
[Result "0-1"]
[WhiteElo "2243"]
[BlackElo "2157"]
[PlyCount "82"]
[EventDate "2009.08.03"]
[EventType "swiss"]
[EventRounds "9"]
[EventCountry "RUS"]
[SourceTitle "EXT 2010"]
[Source "ChessBase"]
[SourceDate "2010.11.25"]
[SourceVersion "1"]
[SourceVersionDate "2010.11.25"]
[SourceQuality "1"]

1. e4 e6 2. d4 d5 3. Nc3 Bb4 4. e5 c5 5. a3 Bxc3+ 6. bxc3 Qc7 7. Qg4 f5 8. Qg3 cxd4 9. cxd4 Ne7 10. Bd2 0-0 11. Bd3 b6 12. Ne2 Ba6 13. Nf4 Qd7 14. Bxa6 Nxa6 15. Qd3 Nb8 16. c4 Nbc6 17. Bb4 Nxb4 18. axb4 dxc4 19. Qxc4 Kf7 20. 0-0 Rfc8 21. Qb3 Nd5 22. Nxd5 Qxd5 23. Qxd5 exd5 24. b5 Rc4 25. Rfd1 Rb4 26. Rab1 Rxb1 27. Rxb1 Rc8 28. Ra1 Ke6 29. Kf1 Rc4 30. Rxa7 Rxd4 31. Rxg7 Rb4 32. Rxh7 Kxe5 33. Rh5 Rxb5 34. g4 Kf4 35. g5 Rc5 36. g6 Rc8 37. h4 Rg8 38. Rh6 b5 39. h5 b4 40. Ke2 b3 41. Kd3 Rb8 0-1

[Event "Albena op"]
[Site "Albena"]
[Date "2009.06.24"]
[Round "5"]
[White "Vasilev, Milen"]
[Black "Kopasov, Alexander"]
[Result "0-1"]
[WhiteElo "2487"]
[BlackElo "2190"]
[PlyCount "84"]
[EventDate "2009.06.20"]
[EventType "swiss"]
[EventRounds "9"]
[EventCountry "BUL"]
[SourceTitle "CBM 130 Extra"]
[Source "ChessBase"]
[SourceDate "2009.07.02"]
[SourceVersion "2"]
[SourceVersionDate "2009.07.15"]
[SourceQuality "1"]

1. d4 e6 2. c4 Nf6 3. Nf3 b6 4. g3 Ba6 5. b3 d5 6. Bg2 dxc4 7. Ne5 Bb4+ 8. Kf1 Bd6 9. Nxc4 Nd5 10. Kg1 Nc6 11. e4 Nde7 12. Nc3 Bxc4 13. bxc4 e5 14. d5 Nd4 15. f4 c5 16. Be3 f5 17. Qd3 0-0 18. Rf1 Ng6 19. Bxd4 cxd4 20. Nb5 fxe4 21. Bxe4 exf4 22. Bxg6 hxg6 23. Kg2 Qf6 24. Nxd4 Rae8 25. Ne6 Qb2+ 26. Kh3 Rf5 27. Nxf4 Bxf4 28. gxf4 Re2 29. Kg3 Rg2+ 30. Kf3 g5 31. Ke3 gxf4+ 32. Rxf4 Rxf4 33. Kxf4 Qf6+ 34. Ke4 Rg4+ 35. Ke3 Qe5+ 36. Kf2 Rf4+ 37. Kg2 Qg5+ 38. Qg3 Rg4 39. Rd1 Rxg3+ 40. hxg3 Qg4 41. Rd2 Qxc4 42. d6 Qc6+ 0-1

[Event "RUS-ch U16"]
[Site "Dagomys"]
[Date "2009.04.19"]
[Round "5"]
[White "Kopasov, Alexander"]
[Black "Boyarskiy, Alexander"]
[Result "1-0"]
[WhiteElo "2190"]
[BlackElo "2118"]
[PlyCount "83"]
[EventDate "2009.04.15"]
[EventType "swiss"]
[EventRounds "9"]
[EventCountry "RUS"]
[SourceTitle "CBM 130 Extra"]
[Source "ChessBase"]
[SourceDate "2009.07.02"]
[SourceVersion "2"]
[SourceVersionDate "2009.07.15"]
[SourceQuality "1"]

1. d4 Nf6 2. c4 d6 3. Nf3 Nbd7 4. Nc3 e5 5. e4 Be7 6. Be2 c6 7. 0-0 0-0 8. Re1 a6 9. Rb1 b5 10. b4 Qc7 11. a4 bxa4 12. Qxa4 c5 13. dxc5 dxc5 14. b5 Bb7 15. Qc2 axb5 16. Rxb5 Bc6 17. Rb1 Rfb8 18. Bb2 Bd6 19. Bd3 Rb4 20. Ra1 Rab8 21. Ra2 Qb7 22. Ba1 Nb6 23. Nd5 Bxd5 24. cxd5 Nbd7 25. Bc3 c4 26. Bf1 Rb1 27. Bxc4 Rxe1+ 28. Bxe1 Rc8 29. Qe2 Nc5 30. Nd2 Qc7 31. f3 Rb8 32. Bf2 Nfd7 33. Bb5 Nb6 34. g3 Rb7 35. Rc2 Qe7 36. Bc6 Ra7 37. Qb5 Ra1+ 38. Kg2 Nba4 39. Nc4 Bc7 40. d6 Bxd6 41. Nxd6 Qxd6 42. Bxc5 1-0

[Event "RUS-ch U16"]
[Site "Dagomys"]
[Date "2009.04.16"]
[Round "2"]
[White "Shlauzer, Andrey"]
[Black "Kopasov, Alexander"]
[Result "1-0"]
[WhiteElo "2092"]
[BlackElo "2190"]
[PlyCount "95"]
[EventDate "2009.04.15"]
[EventType "swiss"]
[EventRounds "9"]
[EventCountry "RUS"]
[SourceTitle "CBM 130 Extra"]
[Source "ChessBase"]
[SourceDate "2009.07.02"]
[SourceVersion "2"]
[SourceVersionDate "2009.07.15"]
[SourceQuality "1"]

1. e4 e6 2. d4 d5 3. e5 c5 4. c3 Qb6 5. Nf3 Nc6 6. a3 Bd7 7. b4 cxd4 8. cxd4 Rc8 9. Bb2 Nh6 10. Bd3 Na5 11. Nbd2 Nc4 12. Bxc4 dxc4 13. Rc1 Bb5 14. Bc3 Qa6 15. Ra1 Ba4 16. Qb1 Nf5 17. 0-0 Ne7 18. Ne4 Nd5 19. Qb2 Be7 20. Nfd2 0-0 21. Nc5 Qb5 22. Nde4 b6 23. Nb7 Qd7 24. Nbd6 Rc7 25. Bd2 f5 26. Nc3 Nxc3 27. Bxc3 Bxd6 28. exd6 Qxd6 29. Rfe1 Bc6 30. Rad1 Bd5 31. Re5 Rf6 32. f3 g5 33. Bd2 Rg6 34. Qc3 h5 35. Kf2 Rf7 36. Rde1 h4 37. Rg1 g4 38. Bf4 Qc6 39. Ree1 h3 40. gxh3 Bxf3 41. Re3 Kh7 42. h4 Rd7 43. h5 Rf6 44. Be5 f4 45. Rxf3 Rf5 46. Rxg4 Rxh5 47. Qc2+ Rf5 48. Rh3# 1-0

[Event "RUS-ch U16"]
[Site "Dagomys"]
[Date "2009.04.15"]
[Round "1"]
[White "Kopasov, Alexander"]
[Black "Maneluk, Nikita"]
[Result "0-1"]
[WhiteElo "2190"]
[BlackElo "2050"]
[PlyCount "100"]
[EventDate "2009.04.15"]
[EventType "swiss"]
[EventRounds "9"]
[EventCountry "RUS"]
[SourceTitle "CBM 130 Extra"]
[Source "ChessBase"]
[SourceDate "2009.07.02"]
[SourceVersion "2"]
[SourceVersionDate "2009.07.15"]
[SourceQuality "1"]

1. d4 Nf6 2. c4 e6 3. Nf3 b6 4. g3 Ba6 5. Qc2 c5 6. e4 cxd4 7. e5 Bb7 8. Bg2 Ng4 9. 0-0 Qc7 10. Bf4 h6 11. h3 g5 12. hxg4 gxf4 13. gxf4 Rg8 14. Nh2 Bxg2 15. Kxg2 Qc6+ 16. f3 Na6 17. Nd2 Nb4 18. Qe4 Be7 19. Rfd1 f5 20. exf6 Bxf6 21. a3 Na6 22. f5 Qxe4 23. Nxe4 Bh8 24. f6 Nc5 25. Nd6+ Kf8 26. b4 Na4 27. f7 Rg6 28. f4 Ke7 29. f5 Rf6 30. Ne4 Rxf7 31. fxe6 dxe6 32. Nf3 Nb2 33. Rdc1 Rf4 34. Nfd2 Rxg4+ 35. Kf3 h5 36. Rg1 Rf8+ 37. Ke2 Nxc4 38. Rxg4 hxg4 39. Rg1 Nxd2 40. Nxd2 Rf4 41. Rh1 Be5 42. Nc4 Bc7 43. Rg1 b5 44. Nb2 Kf6 45. Nd3 Re4+ 46. Kd2 Bf4+ 47. Kd1 Kf5 48. Rh1 g3 49. Rh8 g2 50. Rg8 Bg5 0-1

[Event "Rilton Cup 38th"]
[Site "Stockholm"]
[Date "2009.01.05"]
[Round "9"]
[White "Berczes, Csaba"]
[Black "Kopasov, Alexander"]
[Result "1-0"]
[WhiteElo "2399"]
[BlackElo "2109"]
[PlyCount "111"]
[EventDate "2008.12.27"]
[EventType "swiss"]
[EventRounds "9"]
[EventCountry "SWE"]
[SourceTitle "CBM 128 Extra"]
[Source "ChessBase"]
[SourceDate "2009.03.05"]
[SourceVersion "2"]
[SourceVersionDate "2009.03.25"]
[SourceQuality "1"]

1. Nf3 d5 2. g3 c5 3. Bg2 Nf6 4. 0-0 e6 5. c4 Nc6 6. d4 Be7 7. cxd5 exd5 8. b3 0-0 9. Bb2 Be6 10. Nc3 a6 11. Rc1 Rc8 12. Na4 c4 13. bxc4 dxc4 14. Nc3 Bb4 15. Re1 Bxc3 16. Bxc3 Bd5 17. Bh3 b5 18. Ne5 Rb8 19. Nxc6 Bxc6 20. Bb2 Qd5 21. f3 b4 22. e4 Qh5 23. Rxc4 Bxe4 24. fxe4 Qxh3 25. d5 Ng4 26. Qe2 b3 27. e5 h5 28. e6 fxe6 29. Rc7 e5 30. Bxe5 Nxe5 31. Qxe5 Qg4 32. axb3 Rxb3 33. d6 Rd3 34. Qe6+ Qxe6 35. Rxe6 Rd8 36. Rg6 R3xd6 37. Rgxg7+ Kh8 38. Rh7+ Kg8 39. Rcg7+ Kf8 40. Ra7 Kg8 41. Rxh5 Rb6 42. Rg5+ Kh8 43. Rh5+ Kg8 44. Kg2 Rb2+ 45. Kf3 Rb3+ 46. Kg4 Rb4+ 47. Kh3 Rb2 48. Rc5 Kf8 49. Rc3 a5 50. g4 a4 51. Rf3+ Kg8 52. Kg3 Rb4 53. Kh4 Rdb8 54. Ra3 Rb2 55. h3 R8b3 56. R7xa4 1-0

[Event "Rilton Cup 38th"]
[Site "Stockholm"]
[Date "2008.12.29"]
[Round "3"]
[White "Boric, Elena"]
[Black "Kopasov, Alexander"]
[Result "1/2-1/2"]
[WhiteElo "2292"]
[BlackElo "2109"]
[PlyCount "77"]
[EventDate "2008.12.27"]
[EventType "swiss"]
[EventRounds "9"]
[EventCountry "SWE"]
[SourceTitle "CBM 128 Extra"]
[Source "ChessBase"]
[SourceDate "2009.03.05"]
[SourceVersion "2"]
[SourceVersionDate "2009.03.25"]
[SourceQuality "1"]

1. e4 e6 2. d4 d5 3. Nd2 c5 4. exd5 Qxd5 5. Ngf3 cxd4 6. Bc4 Qd6 7. 0-0 Nf6 8. Re1 Nc6 9. Nb3 Bd7 10. g3 Qc7 11. Qe2 Bd6 12. Nbxd4 Nxd4 13. Nxd4 0-0-0 14. a4 h5 15. Nb5 Bxb5 16. axb5 b6 17. Ra4 h4 18. Bxe6+ Kb8 19. Rc4 Qb7 20. Bh3 hxg3 21. Bg2 gxf2+ 22. Kxf2 Bxh2 23. Kf1 Qd7 24. Qf3 Qd5 25. Bf4+ Bxf4 26. Qxf4+ Qd6 27. Re7 Qxf4+ 28. Rxf4 Rd7 29. Rxd7 Nxd7 30. Rxf7 Rf8 31. Rxf8+ Nxf8 32. Ke2 Kc7 33. Kd3 Kd6 34. Ke4 Ne6 35. b4 Nc7 36. c4 a6 37. c5+ bxc5 38. bxc5+ Kxc5 39. bxa6 1/2-1/2

[Event "St Petersburg March op"]
[Site "St Petersburg"]
[Date "2008.03.28"]
[Round "7"]
[White "Kopasov, Alexander"]
[Black "Skrjabin, Igor"]
[Result "1/2-1/2"]
[WhiteElo "2041"]
[BlackElo "2114"]
[PlyCount "74"]
[EventDate "2008.03.22"]
[EventType "swiss"]
[EventRounds "9"]
[EventCountry "RUS"]
[SourceTitle "EXT 2010"]
[Source "ChessBase"]
[SourceDate "2010.11.25"]
[SourceVersion "1"]
[SourceVersionDate "2010.11.25"]
[SourceQuality "1"]

1. d4 Nf6 2. c4 g6 3. Nc3 Bg7 4. e4 0-0 5. Be2 d6 6. Nf3 b6 7. 0-0 c5 8. d5 Bg4 9. Nd2 Bxe2 10. Qxe2 Na6 11. Nf3 Nd7 12. Bf4 Qb8 13. Rfe1 f6 14. h4 Ne5 15. Bxe5 fxe5 16. h5 Bf6 17. a3 Nc7 18. Nd2 Qc8 19. b4 Bg5 20. Nf1 Rf6 21. bxc5 bxc5 22. Rab1 gxh5 23. Ng3 h4 24. Nf5 Rg6 25. Qh5 Kh8 26. Rb2 Ne8 27. Nxh4 Bxh4 28. Qxh4 Nf6 29. f3 Qd7 30. Reb1 Rag8 31. Nd1 Rg5 32. Ne3 Rh5 33. Qf2 Qh3 34. Kf1 Qh2 35. Rb8 Qf4 36. Rxg8+ Nxg8 37. Ke2 Rh2 1/2-1/2